| 000 | 01802nab a2200253 i 4500 | ||
|---|---|---|---|
| 003 | BR-BrBNA | ||
| 005 | 20250414071408.0 | ||
| 008 | 250414b2016 bl.qr|pooa||| 00| 0 por | | ||
| 040 |
_aBR-BrBNA _bpor |
||
| 072 | _aF70 | ||
| 100 | _aMota, Nara Furtado de Oliveira | ||
| 100 | _aKoch, Ana Kelly | ||
| 245 | _aFlora das cangas da Serra dos Carajás, Pará, Brasil: Mayacaceae | ||
| 500 | _aPublicação on-line; 14 ref.; 2 illus.; Summaries (En, Pt) | ||
| 520 | _a Resumo Mayacaceae é uma pequena família de monocotiledôneas composta apenas pelo gênero Mayaca, com cinco espécies. Na Serra dos Carajás são encontradas três das quatro espécies registradas para a América do Sul: Mayaca fluviatilis, M. kunthii e M. longipes. São apresentados neste estudo descrições, ilustrações e comentários morfológicos para estas espécies. Palavras-chave: FLONA Carajás, Pará, plantas aquáticas, taxonomia. Abstract Mayacaceae is a small family of monocots composed by the only one genus Mayaca, with five species. In Serra dos Carajás, we found three of the four species recorded to South America: Mayaca fluviatilis, M. kunthii, and M. longipes. This study presents descriptions, illustrations, and morphological comments for these species. Key words: FLONA Carajás, Pará, aquatic plants, taxonomy. | ||
| 650 | _aCARAJÁS | ||
| 650 | _aPARÁ | ||
| 650 | _aPLANTA AQUÁTICA | ||
| 650 | _aTAXONOMIA | ||
| 773 | 0 |
_0709 _9349694 _dRio de Janeiro-RJ Jardim Botanico do Rio de Janeiro 1935 _o2025-2214 _tRodriguésia (Brazil) _x0370-6583; 2175-7860 on-line _gv. 67(5 special number) p. 1417-1422; (2016) _wBR2025000333 |
|
| 856 | _uhttps://www.scielo.br/j/rod/a/FNkMLnBfTM5kFLXX5PMcsPn/?format=pdf&lang=pt | ||
| 942 | _cANA | ||
| 999 |
_c331002 _d331002 |
||